[Event "BL 2018-19"]
[Site "Berlin"]
[Date "2019.04.08"]
[Round "15.1"]
[White "Mons, Leon"]
[Black "Volokitin, Andrei"]
[Result "1-0"]
[WhiteElo "2554"]
[BlackElo "2630"]
[Annotator "RC"]
[PlyCount "119"]
[EventDate "2018.11.10"]
[EventType "team-tourn"]
[EventCountry "GER"]
[SourceTitle "playchess.com"]
[Source "ChessBase"]
[SourceQuality "1"]
[WhiteTeam "Zugzwang Muenchen"]
[BlackTeam "SV Hofheim"]
[TimeControl "40/6000+30:3000+30"]

1. e4 {[%emt 0:00:00]} c5 {[%emt 0:00:00]} 2. Nf3 {[%emt 0:00:00]} d6 {[%emt 0:00:05]} 3. Bb5+ {[%emt 0:00:00]} Nd7 {[%emt 0:00:07]} 4. Ba4 {[%emt 0:00:04]} Ngf6 {[%emt 0:01:26]} 5. O-O {[%emt 0:00:13]} a6 {[%emt 0:24:21]} 6. c4 {[%emt 0:00:09]} e5 {[%emt 0:11:58]} 7. Nc3 {[%emt 0:01:11]} g6 {[%emt 0:14:46]} 8. d3 {[%emt 0:01:11]} Bg7 {[%emt 0:00:06]} 9. a3 {[%emt 0:06:40]} O-O {[%emt 0:03:43]} 10. Rb1 {[%emt 0:08:09]} Qc7 {[%emt 0:06:14]} 11. Bg5 {[%emt 0:09:24]} Nb6 {[%emt 0:01:24]} 12. Bc2 {[%emt 0:00:59]} h6 {[%emt 0:00:16]} 13. Bd2 {[%emt 0:01:57]} Be6 {[%emt 0:05:11]} 14. b4 {[%emt 0:02:08]} Nbd7 {[%emt 0:00:19]} 15. Qc1 {[%emt 0:06:17]} Kh7 {[%emt 0:00:21]} 16. Qb2 {[%emt 0:01:11]} Rab8 {[%emt 0:02:45]} 17. Rfc1 {[%emt 0:05:06]} b6 {[%emt 0:11:27]} 18. Qa2 {[%emt 0:17:34]} Nh5 {[%emt 0:01:04]} 19. Nd5 {[%emt 0:03:20]} Bxd5 {[%emt 0:05:12]} 20. cxd5 {[%emt 0:00:46]} Nf4 {[%emt 0:00:30]} 21. Kf1 {[%emt 0:00:30]} Qd8 {[%emt 0:00:30]} 22. bxc5 {[%emt 0:00:30]} dxc5 {[%emt 0:00:30]} 23. a4 {[%emt 0:16:35]} f5 {[%emt 0:11:58]} 24. exf5 {[%emt 0:04:58]} Rxf5 {[%emt 0:00:14]} 25. d4 {[%emt 0:03:03]} Rf8 {[%emt 0:00:01]} 26. dxc5 {[%emt 0:13:21]} Nxc5 {[%emt 0:00:14]} 27. Re1 {[%emt 0:01:42]} Qd7 {[%emt 0:06:32]} 28. Bxf4 {[%emt 0:02:06]} Rxf4 {[%emt 0:00:01]} 29. Nxe5 {[%emt 0:02:11]} Bxe5 {[%emt 0:00:23]} 30. Rxe5 {[%emt 0:00:04]} Qf7 {[%emt 0:01:27]} 31. Re2 {[%emt 0:01:21]} Rf8 {[%emt 0:00:04]} 32. f3 {[%emt 0:00:20]} Rxf3+ {[%emt 0:00:41]} 33. gxf3 {[%emt 0:00:08]} Qxf3+ {[%emt 0:00:15]} 34. Kg1 {[%emt 0:00:22]} Rf4 {[%emt 0:00:40]} 35. Rg2 {[%emt 0:01:35]} Rg4 {[%emt 0:00:01]} 36. Bxg6+ {[%emt 0:00:51]} Kxg6 {[%emt 0:00:07]} 37. Rxg4+ {[%emt 0:01:02]} Qxg4+ {[%emt 0:00:01]} 38. Qg2 {[%emt 0:00:09]} Qxg2+ {[%emt 0:00:04]} 39. Kxg2 {[%emt 0:00:05]} Nxa4 {[%emt 0:00:03]} 40. Rf1 {[%emt 0:01:26]} Nc5 {[%emt 0:00:55]} 41. Rf8 {[%emt 0:02:51]} Nd7 {[%emt 0:11:13]} 42. Rd8 {[%emt 0:06:53]} Nf6 {[%emt 0:00:10]} 43. Rd6 {[%emt 0:01:32]} Kg5 {[%emt 0:03:53]} 44. Rxb6 {[%emt 0:01:02]} Nxd5 {[%emt 0:00:08]} 45. Rxa6 {[%emt 0:00:04]} Nf4+ {[%emt 0:09:44]} 46. Kf3 {[%emt 0:03:05]} Nh5 {[%emt 0:00:06]} 47. Ra5+ {[%emt 0:02:03]} Kh4 {[%emt 0:04:53]} 48. Ra4+ {[%emt 0:00:21]} Kg5 {[%emt 0:00:25]} 49. h4+ {[%emt 0:00:30]} Kf5 {[%emt 0:04:09]} 50. Ra5+ {[%emt 0:00:08]} Kg6 {[%emt 0:00:01]} 51. Ra6+ {[%emt 0:00:17]} Kh7 {[%emt 0:01:50]} 52. Kg4 {[%emt 0:00:25]} Ng7 {[%emt 0:00:06]} 53. Rb6 {[%emt 0:01:49]} Ne8 {[%emt 0:00:11]} 54. Kf5 {[%emt 0:00:54]} Ng7+ {[%emt 0:00:09]} 55. Kf6 {[%emt 0:00:32]} Nh5+ {[%emt 0:00:07]} 56. Kf7 {[%emt 0:00:24]} Nf4 {[%emt 0:05:29]} 57. Rb7 {[%emt 0:01:25]} Ng2 {[%emt 0:07:03]} 58. Kf6+ {[%emt 0:00:10]} Kh8 {[%emt 0:00:02]} 59. Rb4 {[%emt 0:00:32]} Kh7 {[%emt 0:00:29]} 60. Re4 {[%emt 0:00:23]} 1-0

[Event "BL 2018-19"]
[Site "Berlin"]
[Date "2019.04.07"]
[Round "15.2"]
[White "Kamsky, Gata"]
[Black "Ragger, Markus"]
[Result "1-0"]
[WhiteElo "2666"]
[BlackElo "2701"]
[Annotator "TA"]
[PlyCount "99"]
[EventDate "2018.11.10"]
[EventType "team-tourn"]
[EventCountry "GER"]
[SourceTitle "playchess.com"]
[Source "ChessBase"]
[SourceQuality "1"]
[WhiteTeam "SF Deizisau"]
[BlackTeam "Solingen"]

{[%evp 19,99,6,31,27,32,27,30,29,36,16,29,22,41,30,20,29,22,0,0,0,18,-8,0,0,44,34,35,36,45,41,88,96,91,97,109,95,98,99,102,95,102,97,109,78,114,114,122,112,124,104,122,109,160,158,175,172,198,190,244,257,385,345,535,537,537,532,530,528,1610,1575,1116,504,1075,0,499,483,530,496,521,512,505,498]} 1. d4 Nf6 2. Nf3 g6 3. c3 Bg7 4. Bf4 d6 5. h3 O-O 6. e3 Nbd7 7. Be2 Qe8 8. O-O e5 9. Bh2 Qe7 10. a4 Re8 {LiveBook: 4 Games. A48: 1 d4 Nf6 2 Nf3 g6: Torre, London and Colle Systems} 11. a5 a6 12. Nbd2 $146 ({Predecessor:} 12. Na3 e4 13. Nd2 Nf8 14. c4 h5 15. b4 N8h7 16. Nb3 Ng5 17. Kh1 Bf5 18. b5 {1-0 (39) Mingo Fernandez,M (2255)-Gil Gonzalez,J (2475) Spain 2003}) 12... e4 {White has an edge.} 13. Ne1 $1 Nf8 14. Qb3 h5 15. Nc2 N8h7 16. c4 Ng5 17. Kh1 c6 18. Qa3 Bf8 19. d5 Bd7 (19... Nxh3 $5 20. gxh3 Bxh3 $16) 20. Rad1 cxd5 21. cxd5 Bb5 22. Bxb5 axb5 23. Nd4 Qd7 24. Qb4 Nxd5 25. Qxb5 Qxb5 26. Nxb5 {And now Nc4 would win.} Rxa5 27. Nxd6 Bxd6 {[#]} 28. Nc4 $1 {[%cal Rc4a5]} ({Reject} 28. Bxd6 $6 Rb5 $11) 28... Rc5 29. Nxd6 ({Much weaker is} 29. Bxd6 $6 Rxc4 30. Rxd5 Rd8 $11) 29... Re7 30. Rd4 {Threatens to win with b4.} Nf6 31. Bg3 Rc2 32. Rb4 Ne6 33. Nxb7 Nd5 34. Rb5 Nec7 35. Rb3 Na6 ({Black should try} 35... Re6 36. Rd1 Kf8) 36. Rd1 $16 Ndb4 37. Rd8+ Kh7 38. Nd6 g5 (38... f6 $142 39. Rc3 Rxc3 40. bxc3 Nd3 41. Nxe4 Rxe4) 39. h4 $18 Nd3 (39... f6 {is a better defense.} 40. Nf5 Rf7) 40. hxg5 Nxf2+ (40... Nab4 $142 41. Ra3 Nc6) 41. Bxf2 Rxf2 42. Rb6 Nc5 43. Rbb8 {[#] Rh8+ would kill now.} Ne6 44. Rh8+ Kg6 45. Rbg8+ Ng7 46. Rh6+ (46. Kg1 $142) 46... Kxg5 47. Rh7 {White is clearly winning.} f5 48. Rhxg7+ Rxg7 49. Rxg7+ Kf6 50. Rb7 {Precision: White = 81%, Black = 47%.} 1-0

[Event "BL 2018-19"]
[Site "Berlin"]
[Date "2019.04.07"]
[Round "15.2"]
[White "Moranda, Wojciech"]
[Black "Huschenbeth, Niclas"]
[Result "1/2-1/2"]
[WhiteElo "2599"]
[BlackElo "2586"]
[Annotator "ChessBase"]
[PlyCount "90"]
[EventDate "2018.11.10"]
[EventType "team-tourn"]
[EventCountry "GER"]
[SourceTitle "playchess.com"]
[Source "ChessBase"]
[SourceQuality "1"]
[WhiteTeam "SF Berlin"]
[BlackTeam "Hamburg SK"]
[TimeControl "40/6000+30:3000+30"]

1. d4 {[%emt 0:00:00]} Nf6 {[%emt 0:00:00]} 2. c4 {[%emt 0:00:00]} e6 {[%emt 0:00:00]} 3. Nf3 {[%emt 0:00:13]} d5 {[%emt 0:00:00]} 4. Nc3 {[%emt 0:00:21]} dxc4 {[%emt 0:00:00]} 5. e4 {[%emt 0:00:26]} Bb4 {[%emt 0:00:04]} 6. Bxc4 {[%emt 0:00:15]} Nxe4 {[%emt 0:00:08]} 7. O-O {[%emt 0:00:14]} Nf6 {[%emt 0:00:04]} 8. Qa4+ {[%emt 0:00:41]} Nc6 {[%emt 0:00:04]} 9. Ne5 {[%emt 0:00:56]} Rb8 {[%emt 0:01:11]} 10. d5 {[%emt 0:04:15]} exd5 {[%emt 0:00:54]} 11. Nxd5 {[%emt 0:00:22]} Nxd5 {[%emt 0:00:36]} 12. Nxc6 {[%emt 0:00:13]} bxc6 {[%emt 0:01:00]} 13. Qxc6+ {[%emt 0:00:11]} Qd7 {[%emt 0:00:26]} 14. Bxd5 {[%emt 0:01:02]} O-O {[%emt 0:03:11]} 15. Qxd7 {[%emt 0:01:48]} Bxd7 {[%emt 0:00:04]} 16. Bf4 {[%emt 0:00:31]} Bd6 {[%emt 0:01:45]} 17. Bxd6 {[%emt 0:00:30]} cxd6 {[%emt 0:00:03]} 18. b3 {[%emt 0:00:41]} Be6 {[%emt 0:09:54]} 19. Rfd1 {[%emt 0:15:01]} Rfd8 {[%emt 0:00:50]} 20. Rac1 {[%emt 0:01:56]} Rbc8 {[%emt 0:05:29]} 21. Bb7 {[%emt 0:06:27]} Rxc1 {[%emt 0:02:08]} 22. Rxc1 {[%emt 0:00:19]} a5 {[%emt 0:13:40]} 23. Kf1 {[%emt 0:11:54]} Kf8 {[%emt 0:00:28]} 24. Ke2 {[%emt 0:05:52]} Ke7 {[%emt 0:01:37]} 25. Ke3 {[%emt 0:06:11]} Rb8 {[%emt 0:02:09]} 26. Be4 {[%emt 0:01:52]} d5 {[%emt 0:02:58]} 27. Bd3 {[%emt 0:04:58]} Kd6 {[%emt 0:00:25]} 28. g3 {[%emt 0:10:59]} Rb4 {[%emt 0:12:45]} 29. Kd2 {[%emt 0:08:20]} h6 {[%emt 0:21:37]} 30. Bc2 {[%emt 0:02:08]} g5 {[%emt 0:02:16]} 31. a3 {[%emt 0:07:33]} Rb8 {[%emt 0:00:25]} 32. Bd1 {[%emt 0:01:10]} g4 {[%emt 0:07:22]} 33. Ke3 {[%emt 0:05:43]} Re8 {[%emt 0:01:08]} 34. Kd2 {[%emt 0:02:37]} Bf5 {[%emt 0:09:50]} 35. Rc3 {[%emt 0:02:57]} h5 {[%emt 0:04:16]} 36. f3 {[%emt 0:02:06]} Bd7 {[%emt 0:03:51]} 37. Rd3 {[%emt 0:01:59]} f5 {[%emt 0:02:37]} 38. Rd4 {[%emt 0:02:22]} Kc5 {[%emt 0:00:59]} 39. Rf4 {[%emt 0:00:35]} d4 {[%emt 0:01:25]} 40. Bc2 {[%emt 0:01:46]} Rf8 {[%emt 0:01:39]} 41. Kd3 {[%emt 0:21:34]} Bb5+ {[%emt 0:00:35]} 42. Kd2 {[%emt 0:02:27]} Bd7 {[%emt 0:00:04]} 43. Kd3 {[%emt 0:00:28]} Bb5+ {[%emt 0:10:58]} 44. Kd2 {[%emt 0:00:16]} Bd7 {[%emt 0:04:49]} 45. Kd3 {[%emt 0:00:28]} Bb5+ {[%emt 0:02:21] Ke4} 1/2-1/2

[Event "BL 2018-19"]
[Site "Berlin"]
[Date "2019.04.08"]
[Round "15.2"]
[White "Schroeder, Jan-Christian"]
[Black "Kindermann, Stefan"]
[Result "1-0"]
[WhiteElo "2571"]
[BlackElo "2500"]
[Annotator "RC"]
[PlyCount "77"]
[EventDate "2018.11.10"]
[EventType "team-tourn"]
[EventCountry "GER"]
[SourceTitle "playchess.com"]
[Source "ChessBase"]
[SourceQuality "1"]
[WhiteTeam "SV Hofheim"]
[BlackTeam "Zugzwang Muenchen"]
[TimeControl "40/6000+30:3000+30"]

1. e4 {[%emt 0:00:00]} e6 {[%emt 0:00:00]} 2. d4 {[%emt 0:00:05]} d5 {[%emt 0:00:00]} 3. Nd2 {[%emt 0:00:05]} Be7 {[%emt 0:00:11]} 4. e5 {[%emt 0:00:17]} c5 {[%emt 0:00:28]} 5. c3 {[%emt 0:00:05]} cxd4 {[%emt 0:02:07]} 6. cxd4 {[%emt 0:00:03]} Qb6 {[%emt 0:00:31]} 7. Ndf3 {[%emt 0:00:25]} Bb4+ {[%emt 0:06:04]} 8. Bd2 {[%emt 0:00:05]} Nc6 {[%emt 0:00:16]} 9. Bc3 {[%emt 0:00:07]} f6 {[%emt 0:09:11]} 10. Bd3 {[%emt 0:22:51]} fxe5 {[%emt 0:03:58]} 11. Nxe5 {[%emt 0:10:53]} Qxd4 {[%emt 0:17:37]} 12. Qh5+ {[%emt 0:26:14]} g6 {[%emt 0:06:22]} 13. Bxg6+ {[%emt 0:02:53]} hxg6 {[%emt 0:00:17]} 14. Qxg6+ {[%emt 0:00:10]} Kd8 {[%emt 0:00:39]} 15. Nf7+ {[%emt 0:03:24]} Ke7 {[%emt 0:06:00]} 16. Ne2 {[%emt 0:01:25]} Bxc3+ {[%emt 0:01:59]} 17. bxc3 {[%emt 0:00:12]} Qh4 {[%emt 0:07:25]} 18. Nxh8 {[%emt 0:00:49]} Qxh8 {[%emt 0:00:08]} 19. O-O {[%emt 0:02:04]} Nf6 {[%emt 0:01:39]} 20. Nf4 {[%emt 0:06:58]} Bd7 {[%emt 0:05:21]} 21. Rfe1 {[%emt 0:07:37]} Re8 {[%emt 0:05:37]} 22. c4 {[%emt 0:04:41]} dxc4 {[%emt 0:07:02]} 23. Rad1 {[%emt 0:02:16]} Bc8 {[%emt 0:06:01]} 24. Qc2 {[%emt 0:03:59]} Qh6 {[%emt 0:04:04]} 25. Qxc4 {[%emt 0:01:24]} e5 {[%emt 0:02:40]} 26. Nd3 {[%emt 0:01:05]} Qh5 {[%emt 0:02:45]} 27. f4 {[%emt 0:05:02]} e4 {[%emt 0:03:06]} 28. Nc5 {[%emt 0:02:06]} Kf8 {[%emt 0:02:57]} 29. Rd6 {[%emt 0:03:57]} Qf5 {[%emt 0:01:10]} 30. h3 {[%emt 0:02:09]} Kg7 {[%emt 0:01:29]} 31. Qc3 {[%emt 0:01:28]} Qxf4 {[%emt 0:03:22]} 32. Rxe4 {[%emt 0:00:22]} Qxd6 {[%emt 0:00:52]} 33. Rxe8 {[%emt 0:00:02]} Nd4 {[%emt 0:00:51]} 34. Re1 {[%emt 0:01:05]} Bf5 {[%emt 0:04:08]} 35. Nxb7 {[%emt 0:00:35]} Qd5 {[%emt 0:00:34]} 36. Qg3+ {[%emt 0:00:30]} Kh6 {[%emt 0:00:36]} 37. Nd6 {[%emt 0:00:33]} Bg6 {[%emt 0:00:14]} 38. Qf4+ {[%emt 0:00:21]} Kg7 {[%emt 0:00:46]} 39. Re7+ {[%emt 0:00:17]} 1-0

[Event "BL 2018-19"]
[Site "Berlin"]
[Date "2019.04.07"]
[Round "15.3"]
[White "Van Wely, Loek"]
[Black "Bluebaum, Matthias"]
[Result "1/2-1/2"]
[WhiteElo "2622"]
[BlackElo "2620"]
[Annotator "TA"]
[PlyCount "54"]
[EventDate "2018.11.10"]
[EventType "team-tourn"]
[EventCountry "GER"]
[SourceTitle "playchess.com"]
[Source "ChessBase"]
[SourceQuality "1"]
[WhiteTeam "Solingen"]
[BlackTeam "SF Deizisau"]

{[%evp 16,54,20,7,22,2,8,-10,0,-10,-14,-2,-6,-28,-18,-14,-15,-18,0,0,0,-19,-12,-12,-2,-2,-2,-4,0,0,0,0,0,0,0,0,0,0,0,0,0]} 1. c4 c6 2. Nf3 d5 3. d4 Nf6 4. Nc3 dxc4 5. a4 e6 6. e3 c5 7. Bxc4 cxd4 8. exd4 Nc6 9. O-O Be7 {D16: Slav Defence: 5 a4: Lines with 5...Bg4 and 5...Na6} 10. Bg5 O-O 11. Re1 (11. Qd2 b6 12. d5 Na5 13. Ba2 Nxd5 14. Nxd5 exd5 15. Bxe7 Qxe7 16. b4 Nc4 17. Qxd5 {0-1 (79) Navara,D (2740)-Grandelius,N (2655) Porto Carras 2018}) 11... b6 12. d5 Nxd5 13. Bxd5 exd5 14. Qxd5 Qxd5 15. Nxd5 {The position is equal.} Bxg5 16. Nxg5 Bb7 {[#]} 17. Rac1 $146 ({Predecessor:} 17. Ne7+ Nxe7 18. Rxe7 {½-½ (37) Bernasek,J (2536)-Yu,R (2534) Katowice 2014}) 17... Rfe8 18. f3 Rxe1+ 19. Rxe1 h6 20. Ne7+ Nxe7 21. Rxe7 {[%mdl 64] [#] Double Attack} hxg5 22. Rxb7 $11 {[%mdl 4096] Endgame KR-KR} Rc8 23. Rxa7 Rc1+ 24. Kf2 {Threatens to win with b3.} Rc2+ 25. Kg3 {aiming for b3.} Rxb2 26. a5 bxa5 27. Rxa5 f6 1/2-1/2

[Event "BL 2018-19"]
[Site "Berlin"]
[Date "2019.04.07"]
[Round "15.3"]
[White "Hansen, Sune Berg"]
[Black "Tomczak, Jacek"]
[Result "0-1"]
[WhiteElo "2583"]
[BlackElo "2633"]
[Annotator "TA"]
[PlyCount "66"]
[EventDate "2018.11.10"]
[EventType "team-tourn"]
[EventCountry "GER"]
[SourceTitle "playchess.com"]
[Source "ChessBase"]
[SourceQuality "1"]
[WhiteTeam "Hamburg SK"]
[BlackTeam "SF Berlin"]

{[%evp 10,66,5,-8,20,-9,-9,-18,-23,-32,-34,-25,-26,-28,-24,-47,-38,-59,-50,-87,-55,-88,-77,-131,-93,-143,-128,-134,-119,-143,-137,-138,-114,-179,-178,-170,-182,-180,-151,-210,-206,-224,-158,-171,-163,-341,-269,-304,-293,-1406,-1392,-1204,-1170,-1767,-1285,-1199,-770,-782,-766]} 1. Nf3 Nf6 2. g3 b5 3. c3 e6 4. d4 Bb7 5. Bg5 c5 6. Bg2 cxd4 {A46: 1 d4 Nf6 2 Nf3 e6: Torre, London and Colle Systems} (6... h6 7. Bxf6 Qxf6 8. O-O Qd8 9. Nbd2 cxd4 10. cxd4 Be7 11. e3 O-O 12. Ne5 Qb6 13. a4 d6 14. Bxb7 Qxb7 {½-½ (23) Timman,J (2541)-Tomczak,J (2633) Germany 2019}) 7. Qxd4 Be7 8. O-O O-O {The position is equal.} 9. Nbd2 h6 $146 ({Predecessor:} 9... Nc6 10. Qd3 b4 11. Rfd1 d5 12. c4 Ba6 13. Qc2 Rc8 14. Rac1 {1-0 (61) Rahul,K (2202)-Andersson,T (2348) Sweden 2014}) 10. Bxf6 Bxf6 11. Qg4 Qb6 12. Ne1 Bxg2 13. Nxg2 Nc6 {[%cal Bb8c6,Bc6e5,Be5d3][%mdl 32]} 14. Rad1 d5 15. Nf4 Ne5 16. Qh3 (16. Qh5 $142) 16... Bg5 17. Nd3 Nxd3 18. exd3 b4 19. Nf3 {[#]} Bf6 $1 20. cxb4 Bxb2 21. Qg4 (21. Rd2 $17 Bc3 22. Rc2) 21... Rab8 $19 {[%cal Ba8b8,Bb8b7,Bb7b1][%mdl 32]} 22. d4 Qxb4 23. Ne5 Qa4 24. Rd3 (24. Rd2 $17) 24... Rb7 ({Much less strong is} 24... Qxa2 25. Nd7 $17) 25. Re1 Ba3 26. Qh5 Bd6 27. Ng4 $2 (27. Re2 {was worth a try.}) 27... Qc2 28. Rf3 Qd2 29. Ree3 $2 (29. Rfe3) 29... Rb1+ {Black is clearly winning.} 30. Kg2 Qd1 {[%csl Gb1][%cal Rd1f1] [#]} 31. Nf6+ gxf6 {[%csl Gb1][%cal Rd1f1]} 32. Kh3 Kg7 {Threatens to win with ...Qf1+.} 33. Qg4+ Kh7 {Accuracy: White = 24%, Black = 77%.} 0-1

[Event "BL 2018-19"]
[Site "Berlin"]
[Date "2019.04.08"]
[Round "15.3"]
[White "Hertneck, Gerald"]
[Black "Perske, Thore"]
[Result "1/2-1/2"]
[WhiteElo "2492"]
[BlackElo "2448"]
[Annotator "ChessBase"]
[PlyCount "81"]
[EventDate "2018.11.10"]
[EventType "team-tourn"]
[EventCountry "GER"]
[SourceTitle "playchess.com"]
[Source "ChessBase"]
[SourceQuality "1"]
[WhiteTeam "Zugzwang Muenchen"]
[BlackTeam "SV Hofheim"]
[TimeControl "40/6000+30:3000+30"]

1. d4 {[%emt 0:00:00]} Nf6 {[%emt 0:00:16]} 2. Nf3 {[%emt 0:00:00]} g6 {[%emt 0:00:09]} 3. g3 {[%emt 0:00:00]} Bg7 {[%emt 0:01:51]} 4. Bg2 {[%emt 0:00:00]} O-O {[%emt 0:00:32]} 5. O-O {[%emt 0:00:00]} d6 {[%emt 0:00:14]} 6. a4 {[%emt 0:00:06]} Nc6 {[%emt 0:07:11]} 7. Na3 {[%emt 0:10:17]} e5 {[%emt 0:05:14]} 8. d5 {[%emt 0:06:45]} Nb4 {[%emt 0:01:43]} 9. c4 {[%emt 0:01:16]} a5 {[%emt 0:03:22]} 10. Ne1 {[%emt 0:05:08]} Nd7 {[%emt 0:04:25]} 11. Nd3 {[%emt 0:07:02]} Nxd3 {[%emt 0:04:09]} 12. exd3 {[%emt 0:00:39]} Nc5 {[%emt 0:01:11]} 13. Nb5 {[%emt 0:00:05]} Bd7 {[%emt 0:08:13]} 14. Ra3 {[%emt 0:04:50]} f5 {[%emt 0:04:50]} 15. Be3 {[%emt 0:02:31]} Na6 {[%emt 0:12:30]} 16. Qd2 {[%emt 0:00:41]} f4 {[%emt 0:09:32]} 17. gxf4 {[%emt 0:01:08]} exf4 {[%emt 0:00:05]} 18. Bxf4 {[%emt 0:00:06]} Qf6 {[%emt 0:05:07]} 19. Bg3 {[%emt 0:06:30]} Qxb2 {[%emt 0:00:16]} 20. Qxb2 {[%emt 0:00:05]} Bxb2 {[%emt 0:00:03]} 21. Rb3 {[%emt 0:00:06]} Be5 {[%emt 0:17:28]} 22. Bxe5 {[%emt 0:04:00]} dxe5 {[%emt 0:00:02]} 23. Nxc7 {[%emt 0:00:14]} Nc5 {[%emt 0:00:04]} 24. Nxa8 {[%emt 0:17:57]} Nxb3 {[%emt 0:00:06]} 25. Nb6 {[%emt 0:00:06]} Nc5 {[%emt 0:08:38]} 26. Re1 {[%emt 0:03:33]} Bf5 {[%emt 0:02:53]} 27. d6 {[%emt 0:04:09]} Nxd3 {[%emt 0:02:39]} 28. Re3 {[%emt 0:00:12]} Rd8 {[%emt 0:01:44]} 29. d7 {[%emt 0:17:40]} Nc5 {[%emt 0:00:49]} 30. Rxe5 {[%emt 0:00:31]} Nxd7 {[%emt 0:00:05]} 31. Nxd7 {[%emt 0:02:56]} Rxd7 {[%emt 0:00:05]} 32. h3 {[%emt 0:00:08]} b6 {[%emt 0:05:01]} 33. c5 {[%emt 0:00:04]} bxc5 {[%emt 0:00:26]} 34. Rxc5 {[%emt 0:00:04]} Ra7 {[%emt 0:00:49]} 35. h4 {[%emt 0:01:32]} Bd7 {[%emt 0:01:19]} 36. Bc6 {[%emt 0:00:14]} Bxc6 {[%emt 0:00:12]} 37. Rxc6 {[%emt 0:00:06]} Rf7 {[%emt 0:00:03]} 38. h5 {[%emt 0:04:15]} Rf4 {[%emt 0:01:26]} 39. hxg6 {[%emt 0:00:06]} hxg6 {[%emt 0:00:08]} 40. Rxg6+ {[%emt 0:00:08]} Kf7 {[%emt 0:00:06]} 41. Ra6 {[%emt 0:50:04]} 1/2-1/2

[Event "BL 2018-19"]
[Site "Berlin"]
[Date "2019.04.07"]
[Round "15.4"]
[White "Meier, Georg"]
[Black "Ganguly, Surya Shekhar"]
[Result "1-0"]
[WhiteElo "2622"]
[BlackElo "2615"]
[Annotator "TA"]
[PlyCount "135"]
[EventDate "2018.11.10"]
[EventType "team-tourn"]
[EventCountry "GER"]
[SourceTitle "playchess.com"]
[Source "ChessBase"]
[SourceQuality "1"]
[WhiteTeam "SF Deizisau"]
[BlackTeam "Solingen"]

{[%evp 21,135,-7,-4,-11,-5,-10,0,-11,0,0,0,0,0,0,27,27,40,39,43,42,41,40,59,63,62,39,60,60,60,60,76,60,62,60,83,31,27,29,89,87,104,133,132,114,113,88,91,14,63,63,66,73,85,85,87,86,84,69,84,69,145,145,145,145,145,145,145,145,144,136,136,135,104,108,152,156,145,136,135,139,204,0,111,137,135,116,144,0,0,0,8,0,112,0,270,270,29966,29967,29963,29960,29944,5616,29972,29974,29974,29975,29975,29976,29977,29978,29985,29985,29985,29978,29989,29989]} 1. e4 e5 2. Nf3 Nc6 3. Bb5 a6 4. Bxc6 dxc6 5. O-O Bg4 6. h3 h5 7. d3 Qf6 8. Be3 Bxf3 9. Qxf3 Qxf3 10. gxf3 Bd6 11. Nd2 Ne7 12. Rfd1 {C68: Ruy Lopez: Exchange Variation, sidelines} (12. Rfb1 Ng6 13. Kf1 c5 14. Nc4 Be7 15. a3 a5 16. b4 axb4 17. axb4 Rxa1 18. Rxa1 cxb4 19. Ra8+ Bd8 20. Na5 b6 {½-½ (40) Solak,D (2641)-Ding,L (2783) Khanty-Mansiysk 2017}) 12... Ng6 13. Kf1 Nf8 14. Nb3 {The position is equal.} Ne6 15. d4 exd4 $146 ({Predecessor:} 15... f6 16. c4 exd4 {½-½ (16) Schnider,G (2384)-Diermair,A (2478) Austria 2017}) 16. Nxd4 Nxd4 17. Rxd4 Bc5 18. Rd3 Bxe3 19. fxe3 $11 {[%mdl 4096] Endgame KRR-KRR} Rd8 20. Ke2 Ke7 21. f4 c5 22. Rg1 g6 23. e5 Ke6 24. Rgd1 Rxd3 25. Rxd3 $14 {KR-KR} a5 26. a4 Rg8 27. h4 b6 28. e4 (28. Rd1 $16) 28... Rb8 29. Ke3 Rf8 (29... b5 $1 $11) 30. Rd5 $16 Re8 31. Kd3 Rf8 32. b3 Ke7 33. Kd2 Ke6 34. Rd3 ({Better is} 34. Kc3 $16) 34... Re8 35. Ke3 Rf8 36. Ke2 Rb8 37. Rd5 Rf8 38. Kd2 Ke7 39. Rd3 Ke6 40. Kc3 f5 (40... Re8 $14) 41. exf6 $1 Rxf6 42. Rf3 Rf8 43. Kd2 $1 Rf7 44. Ke3 Rd7 45. f5+ gxf5 46. Rxf5 Rd1 47. Rxh5 Re1+ 48. Kd3 $1 Rd1+ 49. Kc4 Rc1 50. Kc3 Re1 (50... c4 $16) 51. Kd3 (51. Rh8 $1 $18) 51... Rd1+ $1 52. Ke2 $1 {[%cal Re2d1]} Rh1 53. Rh8 Ke5 54. Kd3 ({White has to play} 54. Kf3 $16) 54... Rh3+ $11 55. Kc4 {Black should prevent h5.} Kxe4 56. h5 {h6 is the strong threat.} Ke5 {[#]} (56... Ke3 $11 57. Kc3 Ke4+ 58. Kb2 Kd5) 57. h6 ({White should try} 57. Kb5 $1 $16) 57... Kd6 $2 {[%mdl 8192] [#]} (57... Rh4+ $11 {and Black has nothing to worry.} 58. Kb5 Kd4) 58. Kb5 $1 $18 {Strongly threatening h7.} Rh2 $2 (58... c4 $18 59. Kxc4 Rh4+ 60. Kb5 Rh3) 59. h7 Kd7 60. c4 Rh6 61. Ka6 b5+ 62. Kxb5 {White mates.} Rh5 63. Kxa5 Kc6 64. Ka6 Rh3 65. a5 Rh6 66. Ka7 Rh3 67. Kb8 Rd3 68. Kc8 {Accuracy: White = 72%, Black = 49%.} 1-0